| 000 | 01253cam a22003137a 4500 | ||
|---|---|---|---|
| 999 |
_c329793 _d329793 |
||
| 001 | 16772775 | ||
| 003 | NUST | ||
| 005 | 20170523104440.0 | ||
| 008 | 110511s2009 pk 000 1 urd | ||
| 010 | _a 2011325099 | ||
| 020 | _a9789698939977 | ||
| 025 | _aP-U-2011325099; 10 | ||
| 040 |
_aDLC _cDLC |
||
| 042 | _alcode | ||
| 050 | 0 | 0 | _aMLCSA 2011/00605 (P) |
| 066 |
_c(3 _c(4 |
||
| 082 |
_a891.4393 _bKAM |
||
| 100 | 1 |
_6880-01 _aKamāl, Ṣādiq. _91293 |
|
| 245 | 1 | 0 |
_6880-02 _aʻIshq jis ne kyā --- / _cṢādiq Kamāl. |
| 246 | 1 |
_iTitle on p. 4 of cover: _aIshq jis ne kiya |
|
| 260 |
_6880-03 _aFaiṣalābād : _bMis̲āl Pablīsharz ; _aLāhaur : _bTaqsīmkār, Nigārishāt Pablīsharz, _c2009. |
||
| 300 |
_a307 p. ; _c22 cm. |
||
| 500 | _aNovel. | ||
| 546 | _aIn Urdu. | ||
| 650 |
_aNovel _vUrdu Literature _91294 |
||
| 880 | 1 |
_6100-01/(4/r _aکمال، صادق. |
|
| 880 | 1 | 0 |
_6245-02/(3/r _aعشق جس نے کيا --- / _cصادق کمال. |
| 880 |
_6260-03/(3/r _aفيصلآباد : _bمثال پبليشرز ؛ _aلاهور : _bتقسيمکار، نگارشات پبليشرز، _c2009. |
||
| 906 |
_a7 _bcbc _corigode _d4 _encip _f20 _gy-nonroman |
||
| 942 |
_2ddc _cBK |
||